01358 a2200265 4500003000500000005001700005010001700022020002300039020002600062035002400088040000900112082001000121100002200131245010600153250001200259260004800271300003400319505062300353650001400976650001400990650002401004650002501028651001101053700002801064Nust20170207154048.0 a 2009018425 a0470248793 (cloth) a9780470248799 (cloth) a(OCoLC)ocn321009054 cNust00a519.51 aDunn, Olive Jean.10aBasic statistics :a primer for the biomedical sciences -(E-BOOK)cOlive Jean Dunn, Virginia A. Clark. a4th ed. aHoboken, N.J. :bJohn Wiley & Sons,cc2009. axiv, 255 p. :bill. ;c25 cm.0 a Initial Steps (Page-1), Populations and Samples (Page-13), Collecting and Entering Data (Page-27), Frequency Tables and Their Graphs (Page-35), Measures of Location and Variability (Page-49), The Normal Distribution (Page-63), Estimation of Population Means: Confidence Intervals (Page-79), Tests of Hypotheses on Population Means (Page-95), Variances: Estimation and Tests (Page-117), Categorical Data: Proportions (Page-125), Categorical Data: Analysis of Two-Way Frequency Tables (Page-141), Regression and Correlation (Page-165), Nonparametric Statistics (Page-189), Introduction to Survival Analysis (Page-201). 0aBiometry. 0aBiometry. 0aMedical statistics. 0aStatistics as Topic. aE-BOOK1 aClark, Virginia,d1928-